Metódy a nástroje využívané pri projektovaní výrobkov za účelom zvýšenia ich kvality

Projektovanie výrobkov, procesov a systémov. Analýza výrobku, procesu a projektovania systémov. Metódy a nástroje orientované na zber informácií a ich systematické usporiadanie. Analytické nástroje a metódy projektovania. Metódy a nástroje orientované na hľadanie riešení. Metódy a nástroje orientova...

Descrizione completa

Salvato in:
Dettagli Bibliografici
Autore principale: Bobková, Denisa, 1981-
Natura: Capitolo di libro
Lingua:slovacco
Soggetti:
Tags: Aggiungi Tag
Nessun Tag, puoi essere il primo ad aggiungerne!!

MARC

LEADER 00000nla$a2200000$$$4500
001 0114737
005 20240502072300.4
041 0 |a slo 
044 |a SK 
245 1 0 |a Metódy a nástroje využívané pri projektovaní výrobkov za účelom zvýšenia ich kvality  |c Denisa Bobková 
520 |a Projektovanie výrobkov, procesov a systémov. Analýza výrobku, procesu a projektovania systémov. Metódy a nástroje orientované na zber informácií a ich systematické usporiadanie. Analytické nástroje a metódy projektovania. Metódy a nástroje orientované na hľadanie riešení. Metódy a nástroje orientované na hodnotenie a kontrolu. 
610 2 0 |a kvalita výrobkov 
610 2 0 |a výroba 
610 2 0 |a projektovanie 
610 2 0 |a metodológia 
610 2 0 |a štatistika 
610 2 0 |a metódy štatistické 
610 2 0 |a kontrola 
100 1 |a Bobková, Denisa, 1981-